Academia de Ciencias Físicas, Matemáticas y naturales: datos históricos y biográficos
Furkejuvvon:
| Váldodahkki: | |
|---|---|
| Materiálatiipa: | Girji |
| Giella: | espánnjágiella |
| Almmustuhtton: |
Caracas
Fundación Polar
2003
|
| Ráidu: | Colección de Biografías de Personajes de la Ciencia y la Tecnología en Venezuela, 1
|
| Fáttát: | |
| Fáddágilkorat: |
Lasit fáddágilkoriid
Eai fáddágilkorat, Lasit vuosttaš fáddágilkora!
|
MARC
| LEADER | 00000nam a2200000 a 4500 | ||
|---|---|---|---|
| 001 | UCL3518 | ||
| 003 | CL-VaPUC | ||
| 008 | 031128e20030000VE |||||||||||||||||spa|d | ||
| 020 | |a 9803790633 | ||
| 082 | 0 | 4 | |a 378.00987 |b CAR |2 21 |
| 100 | 0 | |a Carrillo, José María |e author |9 480826 | |
| 245 | 1 | 0 | |a Academia de Ciencias Físicas, Matemáticas y naturales: datos históricos y biográficos |
| 300 | |a 160 p | ||
| 942 | |c BK | ||
| 945 | |d 20031128 00:00:00 |a cmena | ||
| 260 | |a Caracas |b Fundación Polar |c 2003 | ||
| 600 | 0 | 7 | |a ACADEMIA DE CIENCIAS FISICAS, MATEMATICAS Y NATURALES |2 CL-VaPUC |9 480827 |
| 650 | 0 | |a Educación superior |9 223851 | |
| 650 | 0 | |a Educación científica |9 307484 | |
| 650 | 0 | |a Biografías |9 255210 | |
| 651 | 0 | |a Venezuela |9 254993 | |
| 583 | |a last modification |c 20031128 00:00:00 |k Rodrigo Vera | ||
| 490 | 0 | |a Colección de Biografías de Personajes de la Ciencia y la Tecnología en Venezuela, 1 | |
| 999 | |c 306549 |d 306547 | ||
| 952 | |0 0 |1 0 |2 ddc |4 0 |6 378_009870000000000_CAR_2003 |7 0 |8 A |9 371606 |a BIBMAT |b BIBMAT |c E_DIDACT |d 2019-11-21 |i 3958221 |o 378.00987 CAR 2003 |p 3958221 |r 2025-01-07 |w 2019-11-21 |y BK |k MAT | ||
| 952 | |0 0 |1 0 |4 0 |6 378_009870000000000_CAR_2003 |7 0 |8 A |9 371607 |a BIBCUR |b BIBCUR |d 2019-11-21 |i 4094026 |o 378.00987 CAR 2003 |p 4094026 |r 2025-04-22 |w 2019-11-21 |y BK |k BCB | ||